| 000 | 00689nam a2200229 i 4500 | ||
|---|---|---|---|
| 001 | bg | ||
| 100 | 1 | _aBARCEWICZ, Karol | |
| 245 | 1 | 0 |
_aĆwiczenia laboratoryjne z chemii paliw, smarów i wody / _cKarol Barcewicz ; [Wyższa Szkoła Morska - Gdynia]. |
| 260 |
_aGdynia : _bWydaw. WSM, _c1998. |
||
| 300 |
_a120 s. : _brys., wykr. ; _c21 cm. |
||
| 504 | _aBibliogr. s. 120. | ||
| 650 | 9 |
_aPaliwa płynne _xchemia |
|
| 650 | 9 |
_aSmary _xchemia |
|
| 650 | 9 |
_aWoda _xchemia |
|
| 655 | _aĆwiczenia i zadania | ||
| 710 | 0 | _aWyższa Szkoła Morska (Gdynia) | |
| 040 | _cBPK | ||
| 041 | 0 | _apl | |
| 080 | _a543+544](075.8)(076) | ||
| 942 | _cKS | ||
| 008 | s pl f |000 0 pol | ||
| 999 |
_c34201 _d34201 |
||
| 856 |
_uhttp://koha.tu.koszalin.pl/cgi-bin/koha/opac-detail.pl?biblionumber=34201 _yKatalog online BPK |
||